[Event "Kölner SK Dr. Lasker 1 - LSV Turm Lipps"]
[Site "NRW-Klasse, Gruppe 1 2015/201"]
[Date "2016.01.10"]
[Round "5.5"]
[White "Laurenz, Waldemar"]
[Black "Fox, Daniel"]
[Result "0-1"]
[WhiteElo "1938"]
[BlackElo "2144"]
[PlyCount "48"]
[EventDate "2016.??.??"]
[WhiteTeam "LSV Turm Lippstadt 1"]
[BlackTeam "Kölner SK Dr. Lasker 1"]

1. Nf3 Nf6 2. b3 d5 3. Bb2 e6 4. e3 Be7 5. Be2 O-O 6. O-O c5 7. d4 Nc6 8. Nbd2
b6 9. Re1 Bb7 10. c4 Rc8 11. Rc1 cxd4 12. Nxd4 Nxd4 13. exd4 Qd7 14. Bf3 Rfd8
15. Re3 Bd6 16. g3 Qe7 17. Rc2 Ba3 18. Ba1 h6 19. h3 Ba6 20. cxd5 Nxd5 21. Rxc8
Rxc8 22. Bxd5 Rc1 23. Qxc1 Bxc1 24. Bc3 Qa3 0-1

[Event "Kölner SK Dr. Lasker 1 - LSV Turm Lipps"]
[Site "NRW-Klasse, Gruppe 1 2015/201"]
[Date "2016.01.10"]
[Round "5.6"]
[White "Cramer, Volker"]
[Black "Kruse, Janik"]
[Result "0-1"]
[WhiteElo "2065"]
[BlackElo "2023"]
[Annotator "Hausrath,Daniel"]
[PlyCount "98"]
[EventDate "2016.??.??"]
[WhiteTeam "Kölner SK Dr. Lasker 1"]
[BlackTeam "LSV Turm Lippstadt 1"]

1. d4 d5 2. Bg5 Nc6 3. e3 Bf5 4. Bd3 Bxd3 5. Qxd3 Nf6 6. Nd2 e6 7. f4 h6 8. Bh4
Nb4 9. Qb3 c5 10. Bxf6 gxf6 11. c3 c4 12. Qa4+ Nc6 13. Ngf3 Rb8 14. O-O b5 15.
Qc2 f5 16. b3 Be7 17. bxc4 bxc4 18. Qa4 Qd7 19. Rab1 O-O 20. Kf2 f6 21. h3 Qd6
22. Rxb8 Rxb8 23. Rb1 Rxb1 24. Nxb1 Kg7 25. Nh4 Qd7 26. Qb5 Ne5 27. Qxd7 Nxd7
28. Ke2 $11 Nb6 29. Kd2 Nc8 30. Kc2 Nd6 31. Nd2 Kf7 32. Kb2 Ne4 33. Nxe4 fxe4
34. g4 f5 35. Ng2 Kg6 36. Kc2 fxg4 37. hxg4 h5 38. gxh5+ Kxh5 39. f5 exf5 40.
Nf4+ Kg4 41. Nxd5 Bg5 42. Kd2 Kf3 43. Ke1 Bh4+ 44. Kd1 Bf2 45. Kd2 f4 46. exf4
e3+ 47. Nxe3 Bxe3+ 48. Kc2 Bxf4 49. Kb2 Bd6 0-1

[Event "Kölner SK Dr. Lasker 1 - LSV Turm Lipps"]
[Site "NRW-Klasse, Gruppe 1 2015/201"]
[Date "2016.01.10"]
[Round "5.7"]
[White "Neudorf, Noah Levin"]
[Black "Loseries, Uwe"]
[Result "1/2-1/2"]
[WhiteElo "1735"]
[BlackElo "2144"]
[PlyCount "41"]
[EventDate "2016.??.??"]
[WhiteTeam "LSV Turm Lippstadt 1"]
[BlackTeam "Kölner SK Dr. Lasker 1"]

1. e4 c6 2. d4 d5 3. Nc3 dxe4 4. Nxe4 Bf5 5. Ng3 Bg6 6. Nf3 Nd7 7. Bd3 e6 8. c3
Ngf6 9. Bxg6 hxg6 10. Qc2 Bd6 11. Ne2 Qc7 12. h3 O-O 13. Bg5 Rfe8 14. O-O-O e5
15. Bxf6 Nxf6 16. dxe5 Bxe5 17. Kb1 Qb6 18. Ned4 Bxd4 19. Nxd4 Nd5 20. Rhe1 Qc7
21. g3 1/2-1/2

[Event "Kölner SK Dr. Lasker 1 - LSV Turm Lipps"]
[Site "NRW-Klasse, Gruppe 1 2015/201"]
[Date "2016.01.10"]
[Round "5.8"]
[White "Mandt, Mathias"]
[Black "Hagenhoff, Georg"]
[Result "1/2-1/2"]
[WhiteElo "2085"]
[BlackElo "1854"]
[Annotator "Hausrath,Daniel"]
[PlyCount "129"]
[EventDate "2016.??.??"]
[WhiteTeam "Kölner SK Dr. Lasker 1"]
[BlackTeam "LSV Turm Lippstadt 1"]

1. d4 d5 2. c4 e6 3. Nc3 Nf6 4. Bg5 Be7 5. e3 a6 6. Nf3 b6 7. Bd3 Bb7 8. O-O
Nbd7 9. Rc1 O-O 10. Qe2 Re8 11. Rfd1 h6 12. Bh4 Nf8 13. Ne5 dxc4 14. Bxc4 Nd5
15. Bg3 f6 16. Nf3 Bd6 17. Ne4 Bxg3 18. Nxg3 Ng6 19. Qc2 f5 20. a3 Rc8 21. Ne2
Kh8 22. Qd2 Nf6 23. Ne1 Ne4 24. Qd3 b5 25. Ba2 Qh4 26. Ng3 c5 27. dxc5 Nxc5 28.
Qe2 Qf6 29. f3 Na4 30. Nd3 e5 31. e4 Nf4 32. Nxf4 exf4 33. Nh5 Qe5 34. Rxc8
Rxc8 35. g3 fxg3 36. Nxg3 fxe4 37. fxe4 Re8 38. Bd5 Bxd5 39. Rxd5 Qxd5 40. exd5
Rxe2 41. Nxe2 Kg8 42. b4 Kf7 43. Nd4 $11 Ke7 44. Nf5+ Kf6 45. d6 Nb6 46. Nd4
Ke5 47. Nc6+ Kxd6 48. Nb8 Nc4 49. Nxa6 Nxa3 50. Kf2 Kd5 51. Kf3 Nc2 52. Kf4 g6
53. h4 Nd4 54. Nc7+ Kd6 55. Na6 Ne6+ 56. Ke4 g5 57. hxg5 hxg5 58. Kf5 Kd5 59.
Nb8 Kc4 60. Na6 Kd4 61. Nb8 Kc3 62. Na6 Kc4 63. Kg4 Kd5 64. Kf5 Kc4 65. Kg4
1/2-1/2

[Event "Bahn-SC Wuppertal 1 - SK Königsspringer"]
[Site "NRW-Klasse, Gruppe 1 2015/201"]
[Date "2016.01.10"]
[Round "5.1"]
[White "Scheider, Julian"]
[Black "Savchenko, Vyacheslav"]
[Result "0-1"]
[WhiteElo "2291"]
[BlackElo "2321"]
[Annotator "Hausrath,Daniel"]
[PlyCount "78"]
[EventDate "2016.??.??"]
[WhiteTeam "SK Königsspringer Iserlohn 1"]
[BlackTeam "Bahn-SC Wuppertal 1"]

1. e4 c5 2. Nf3 e6 3. d4 cxd4 4. Nxd4 Nc6 5. Nc3 Qc7 6. Be3 a6 7. Qd2 Nf6 8.
O-O-O Be7 9. f3 Ne5 10. g4 h6 11. h4 b5 12. Qg2 b4 13. Na4 g6 14. Kb1 Bb7 15.
Bd3 Rc8 16. g5 Nh5 17. Be2 d5 18. b3 Nd7 19. exd5 exd5 20. Bd3 Nf4 21. Qd2 Nxd3
22. cxd3 h5 23. Rc1 Qb8 24. Rxc8+ Qxc8 25. Bf4 O-O 26. Rc1 Qe8 27. Qe3 Bd8 $11
28. Qd2 Be7 29. Qe3 Bd8 30. Qf2 f6 31. Bd6 fxg5 32. Re1 Qf7 33. Bxf8 Nxf8 34.
hxg5 Bxg5 35. Qe2 Bf6 36. Ne6 Bc8 37. Nac5 Bc3 38. Ng5 Qf5 39. Rg1 Bd4 0-1

[Event "Bahn-SC Wuppertal 1 - SK Königsspringer"]
[Site "NRW-Klasse, Gruppe 1 2015/201"]
[Date "2016.01.10"]
[Round "5.2"]
[White "Khanukov, Boris"]
[Black "Kramps, Rene"]
[Result "1-0"]
[WhiteElo "2231"]
[BlackElo "2039"]
[Annotator "Hausrath,Daniel"]
[PlyCount "57"]
[EventDate "2016.??.??"]
[WhiteTeam "Bahn-SC Wuppertal 1"]
[BlackTeam "SK Königsspringer Iserlohn 1"]

1. d4 d5 2. c4 Nc6 3. Nf3 Bg4 4. Nc3 e6 5. e3 Nf6 6. h3 Bh5 7. cxd5 exd5 8. Bb5
Bxf3 9. Qxf3 Bd6 10. Bd2 Be7 11. g4 Bb4 12. Bd3 O-O 13. g5 Bxc3 14. Bxc3 Ne4
15. Bxe4 dxe4 16. Qxe4 Re8 $11 17. Qf4 Qd5 18. Rh2 Re4 19. Qxc7 Nxd4 20. Bxd4
Qxd4 21. Qxb7 Rae8 22. Kf1 Qe5 23. Rg2 Qf5 24. Rg3 h5 25. gxh6 Rxe3 26. Rxg7+
Kh8 27. Qg2 Rxh3 $11 28. Rd1 Qh5 29. Rh7+ 1-0

[Event "Bahn-SC Wuppertal 1 - SK Königsspringer"]
[Site "NRW-Klasse, Gruppe 1 2015/201"]
[Date "2016.01.10"]
[Round "5.3"]
[White "Franke, Thomas"]
[Black "Savchenko, Aleksij"]
[Result "0-1"]
[WhiteElo "2074"]
[BlackElo "2202"]
[Annotator "Hausrath,Daniel"]
[PlyCount "78"]
[EventDate "2016.??.??"]
[WhiteTeam "SK Königsspringer Iserlohn 1"]
[BlackTeam "Bahn-SC Wuppertal 1"]

1. d4 Nf6 2. Nf3 e6 3. g3 b5 4. Bg2 Bb7 5. O-O c5 6. c3 Nc6 7. Bf4 Qb6 8. dxc5
Bxc5 9. Bd6 Bxf2+ 10. Rxf2 Ne4 11. Nd4 Nxf2 12. Kxf2 e5 13. Bxc6 exd4 14. Bxb7
dxc3+ 15. e3 cxb2 16. Qd5 Qxd6 17. Qxd6 bxa1=Q 18. Bxa8 Qf6+ 19. Qxf6 $11 gxf6
20. Nc3 Ke7 21. Bd5 Rc8 22. Ne2 Kd6 23. Bb3 a5 24. Nd4 Kc5 25. Bc2 a4 26. h4 h6
27. Bd1 Ra8 28. Kf3 b4 29. Kf4 Kc4 30. Bh5 Ra5 31. Bxf7+ Kc3 32. g4 d5 33. Nc6
b3 34. axb3 a3 35. Nxa5 a2 36. Bxd5 a1=Q 37. Nc6 $11 Qf1+ 38. Bf3 Qf2 39. Nd4
Qh2+ 0-1

[Event "Bahn-SC Wuppertal 1 - SK Königsspringer"]
[Site "NRW-Klasse, Gruppe 1 2015/201"]
[Date "2016.01.10"]
[Round "5.4"]
[White "Bashilin, Roman"]
[Black "Kind, Bertram"]
[Result "0-1"]
[WhiteElo "2216"]
[BlackElo "2170"]
[PlyCount "104"]
[EventDate "2016.??.??"]
[WhiteTeam "Bahn-SC Wuppertal 1"]
[BlackTeam "SK Königsspringer Iserlohn 1"]

1. d4 Nf6 2. Nf3 e6 3. Bg5 c5 4. e3 h6 5. Bh4 Qb6 6. Nbd2 d5 7. c4 cxd4 8. exd4
Be7 9. Qb3 Qxb3 10. axb3 Nc6 11. Bd3 g5 12. Bg3 g4 13. Ne5 Nxd4 14. O-O Bd7 15.
f3 Nf5 16. Bf2 g3 17. hxg3 a6 18. Rfe1 Nd6 19. g4 Bc6 20. Bd4 Rg8 21. Be3 h5
22. g5 Nd7 23. Nxc6 bxc6 24. f4 a5 25. Nf3 Ne4 26. Bxe4 dxe4 27. Nd2 Bb4 28.
Re2 Nc5 29. Bxc5 Bxc5+ 30. Kf1 e3 31. Ne4 Bd4 32. c5 Ke7 33. Rc2 Rgb8 34. Ra4
Bg7 35. Ra3 Rb4 36. Rc4 Rxc4 37. bxc4 Bxb2 38. Ra2 Bd4 39. Ke2 a4 40. Kd3 Bh8
41. Kxe3 a3 42. Nd2 Bb2 43. Kd3 Rd8+ 44. Kc2 Rd4 45. g3 h4 46. gxh4 Rxf4 47. h5
Rh4 48. h6 f6 49. gxf6+ Kxf6 50. Kb3 Rxh6 51. Nb1 Rh3+ 52. Ka4 Ke5 0-1

[Event "Bahn-SC Wuppertal 1 - SK Königsspringer"]
[Site "NRW-Klasse, Gruppe 1 2015/201"]
[Date "2016.01.10"]
[Round "5.6"]
[White "Tueckmantel, Rene"]
[Black "Klauke, Stefan"]
[Result "1-0"]
[WhiteElo "2132"]
[BlackElo "2099"]
[PlyCount "91"]
[EventDate "2016.??.??"]
[WhiteTeam "Bahn-SC Wuppertal 1"]
[BlackTeam "SK Königsspringer Iserlohn 1"]

1. c4 Nc6 2. g3 e5 3. Bg2 g6 4. Nc3 Bg7 5. e4 Nge7 6. Nge2 O-O 7. O-O d6 8. d3
f5 9. Nd5 Be6 10. Be3 Qd7 11. Qd2 Nd4 12. Nxd4 exd4 13. Bg5 Nc6 14. Rae1 fxe4
15. Rxe4 Bxd5 16. cxd5 Ne5 17. f4 Nf7 18. Re7 Qg4 19. Rxc7 Nxg5 20. fxg5 Rxf1+
21. Bxf1 Rf8 22. Bg2 Rf7 23. Rxf7 Kxf7 24. Qf4+ Qxf4 25. gxf4 h6 26. h4 hxg5
27. hxg5 Bf8 28. Kf2 Be7 29. Bh3 Bd8 30. Bc8 Ba5 31. Bxb7 Bd2 32. Kf3 a5 33.
Bc6 Bc1 34. b3 Ke7 35. Kg4 Kf7 36. f5 Be3 37. fxg6+ Kxg6 38. Be8+ Kg7 39. Kf5
Bc1 40. g6 Ba3 41. Ke6 Bc5 42. Kd7 Ba3 43. Kc6 Bb4 44. Kb5 Kf8 45. Bf7 Bc3 46.
a3 1-0

[Event "Bahn-SC Wuppertal 1 - SK Königsspringer"]
[Site "NRW-Klasse, Gruppe 1 2015/201"]
[Date "2016.01.10"]
[Round "5.7"]
[White "Schwanbeck, Christoph"]
[Black "Werbeck, Torsten"]
[Result "1/2-1/2"]
[WhiteElo "2076"]
[BlackElo "2092"]
[PlyCount "91"]
[EventDate "2016.??.??"]
[WhiteTeam "SK Königsspringer Iserlohn 1"]
[BlackTeam "Bahn-SC Wuppertal 1"]

1. Nf3 g6 2. g3 Bg7 3. Bg2 c5 4. c4 Nc6 5. O-O Nf6 6. Nc3 O-O 7. d3 Rb8 8. e4
d6 9. h3 a6 10. a4 Ne8 11. Kh2 Nc7 12. a5 Ne6 13. Nd5 Ned4 14. Nxd4 Nxd4 15.
Ra2 b5 16. axb6 e6 17. Nf4 Qxb6 18. Ne2 Qb3 19. Qxb3 Rxb3 20. Nxd4 Bxd4 21. Ra3
Rb6 22. Bh6 Re8 23. b3 Bd7 24. f4 Reb8 25. Rb1 Bc3 26. Bf3 Bc6 27. g4 Bd2 28.
Kg3 a5 29. Bg5 a4 30. Bd1 Bb4 31. Ra2 axb3 32. Ra7 d5 33. cxd5 exd5 34. Bxb3
Be1+ 35. Rxe1 Rxb3 36. Rc7 Rxd3+ 37. Kh4 Rbb3 38. Bh6 f6 39. Rc8+ Kf7 40. Rf8+
Ke6 41. exd5+ Kxd5 42. Rxf6 Rxh3+ 43. Kg5 Rbe3 44. Rxe3 Rxe3 45. Bf8 Re6 46.
Rxe6 1/2-1/2

[Event "Bahn-SC Wuppertal 1 - SK Königsspringer"]
[Site "NRW-Klasse, Gruppe 1 2015/201"]
[Date "2016.01.10"]
[Round "5.8"]
[White "Bogorad, Michail"]
[Black "Franz, Christian"]
[Result "1/2-1/2"]
[WhiteElo "2031"]
[BlackElo "2000"]
[PlyCount "96"]
[EventDate "2016.??.??"]
[WhiteTeam "Bahn-SC Wuppertal 1"]
[BlackTeam "SK Königsspringer Iserlohn 1"]

1. e4 c5 2. Nf3 d6 3. Bb5+ Bd7 4. a4 a6 5. Bxd7+ Qxd7 6. O-O Nc6 7. Re1 g6 8.
d3 Bg7 9. Nbd2 e6 10. Nc4 Qc7 11. Bf4 e5 12. Bd2 Nge7 13. a5 O-O 14. Nb6 Rad8
15. c4 h6 16. Nd5 Nxd5 17. cxd5 Na7 18. b4 cxb4 19. Bxb4 Nb5 20. Rc1 Qe7 21.
Nd2 f5 22. Nc4 f4 23. Nb6 Qf7 24. f3 g5 25. Rf1 h5 26. Be1 Qg6 27. h3 Bf6 28.
Bf2 Kf7 29. Rc4 Rg8 30. Qe2 g4 31. fxg4 hxg4 32. Qxg4 Qxg4 33. hxg4 Rxg4 34.
Rc8 Rxc8 35. Nxc8 Kg6 36. Kh2 Bh4 37. Bxh4 Rxh4+ 38. Kg1 Kg5 39. Ne7 Rh7 40.
Nf5 Rc7 41. g3 fxg3 42. Nxg3 Rc3 43. Rf7 Nd4 44. Rxb7 Rxd3 45. Kg2 Kf4 46. Rf7+
Ke3 47. Ra7 Kf4 48. Rf7+ Ke3 1/2-1/2

[Event "SV Kamen 1 - SC Rochade Emsdetten 1"]
[Site "NRW-Klasse, Gruppe 1 2015/201"]
[Date "2016.01.10"]
[Round "5.1"]
[White "Kabatianski, Alexander"]
[Black "Weidemann, Christian"]
[Result "1/2-1/2"]
[WhiteElo "2378"]
[BlackElo "2297"]
[PlyCount "132"]
[EventDate "2016.??.??"]
[WhiteTeam "SC Rochade Emsdetten 1"]
[BlackTeam "SV Kamen 1"]

1. d4 Nf6 2. Nf3 g6 3. c4 Bg7 4. g3 c6 5. Bg2 d5 6. Qb3 O-O 7. O-O Qb6 8. Nc3
Rd8 9. h3 Be6 10. c5 Qxb3 11. axb3 Na6 12. Bf4 Nd7 13. Rfd1 f6 14. g4 Bf7 15.
e3 e5 16. Bg3 Re8 17. Bf1 Nc7 18. b4 a6 19. dxe5 Nxe5 20. Nd4 Nb5 21. Ncxb5
axb5 22. Ra5 Nc4 23. Bxc4 Rxa5 24. bxa5 bxc4 25. a6 bxa6 26. Nxc6 f5 27. Nd4
fxg4 28. hxg4 Re4 29. c6 Bxd4 30. Rxd4 Rxd4 31. exd4 Be6 32. g5 Kf7 33. Kf1 Ke7
34. Ke1 Bf7 35. Kd2 Be8 36. c7 Kd7 37. Ke3 a5 38. Bd6 Kc8 39. Kf4 Bc6 40. Ke5
Bb7 41. Ke6 a4 42. f4 Bc6 43. f5 Bd7+ 44. Kxd5 Bxf5 45. Kxc4 Bd7 46. Kc5 Be8
47. Kb6 Bd7 48. Bf4 Be8 49. Kc5 Bd7 50. Kd6 Bh3 51. Ke7 Bf5 52. Kf6 Kd7 53. Kg7
Bc2 54. Kxh7 Bf5 55. Kg7 Bc2 56. Kf6 Bf5 57. d5 Be4 58. Ke5 Bf5 59. Kd4 Kc8 60.
Kc5 Bd7 61. Kb6 Be8 62. d6 Bd7 63. Kc5 Be6 64. Kd4 Bf5 65. Ke5 Kd7 66. Kf6 Bc2
1/2-1/2

[Event "SV Kamen 1 - SC Rochade Emsdetten 1"]
[Site "NRW-Klasse, Gruppe 1 2015/201"]
[Date "2016.01.10"]
[Round "5.2"]
[White "Luetke, Jens"]
[Black "Lehmann, Holger"]
[Result "1/2-1/2"]
[WhiteElo "2201"]
[BlackElo "2153"]
[Annotator "Hausrath,Daniel"]
[PlyCount "75"]
[EventDate "2016.??.??"]
[WhiteTeam "SV Kamen 1"]
[BlackTeam "SC Rochade Emsdetten 1"]

1. Nf3 Nf6 2. c4 g6 3. d4 Bg7 4. Nc3 d5 5. cxd5 Nxd5 6. e4 Nxc3 7. bxc3 O-O 8.
Be3 c5 9. Rb1 b6 $11 10. Qd2 cxd4 11. cxd4 Bb7 12. Bd3 Nd7 13. Bh6 e5 14. Bxg7
Kxg7 15. d5 Qe7 16. O-O Nc5 17. Rfe1 Bc8 18. h3 Bd7 $11 19. Bb5 Bxb5 20. Rxb5
Rac8 21. a4 Nb7 22. d6 Qxd6 23. Rd5 Qc6 24. Nxe5 Qc3 25. Qxc3 Rxc3 26. Rd7 Nc5
27. Rxa7 Ra3 28. Nd7 Nxd7 29. Rxd7 Rxa4 30. e5 Kg8 31. Rb7 Rb4 32. e6 fxe6 33.
Rxe6 Rb1+ 34. Kh2 Rf7 35. Re8+ Kg7 36. Reb8 h5 37. f4 Rb4 38. Rxb6 1/2-1/2

[Event "SV Kamen 1 - SC Rochade Emsdetten 1"]
[Site "NRW-Klasse, Gruppe 1 2015/201"]
[Date "2016.01.10"]
[Round "5.3"]
[White "Paalman, Henk-Jan"]
[Black "Himmel, Hansjoerg"]
[Result "1/2-1/2"]
[WhiteElo "2128"]
[BlackElo "2160"]
[PlyCount "53"]
[EventDate "2016.??.??"]
[WhiteTeam "SC Rochade Emsdetten 1"]
[BlackTeam "SV Kamen 1"]

1. d4 e6 2. e4 d5 3. Nc3 dxe4 4. Nxe4 Nd7 5. Nf3 Ngf6 6. Bd3 Be7 7. c3 Nxe4 8.
Bxe4 Nf6 9. Bd3 c5 10. Qe2 cxd4 11. Nxd4 O-O 12. O-O a6 13. Bf4 Bd7 14. Rad1
Re8 15. Rfe1 Qb6 16. Be5 Rad8 17. Bb1 Bc6 18. Qc2 g6 19. Qc1 Nd7 20. Nxc6 Qxc6
21. Bd4 Qc7 22. Rd3 e5 23. Be3 Nc5 24. Bxc5 Bxc5 25. Rxd8 Rxd8 26. Rd1 f5 27.
b4 1/2-1/2

[Event "SV Kamen 1 - SC Rochade Emsdetten 1"]
[Site "NRW-Klasse, Gruppe 1 2015/201"]
[Date "2016.01.10"]
[Round "5.4"]
[White "Kleinegger, Frank"]
[Black "Mueller, Achim"]
[Result "1-0"]
[WhiteElo "2131"]
[BlackElo "2077"]
[PlyCount "67"]
[EventDate "2016.??.??"]
[WhiteTeam "SV Kamen 1"]
[BlackTeam "SC Rochade Emsdetten 1"]

1. Nf3 d6 2. d4 f5 3. g3 Nf6 4. Bg2 g6 5. O-O Bg7 6. b3 O-O 7. Bb2 a5 8. a4 Na6
9. Nbd2 c6 10. Re1 Ne4 11. e3 Bd7 12. Nc4 Nb4 13. Nfd2 b5 14. Na3 d5 15. Nf3
bxa4 16. bxa4 Rb8 17. Rb1 Na2 18. Ne5 Bxe5 19. Bxe4 fxe4 20. dxe5 e6 21. c3 Qe7
22. Qc2 Qc5 23. Ra1 Rxb2 24. Qxb2 Nxc3 25. Rec1 Nxa4 26. Qb7 Bc8 27. Rxc5 Bxb7
28. Rxa5 Nc3 29. Nc2 Rc8 30. Ra7 Rc7 31. Nd4 Re7 32. Nxc6 Rd7 33. Nd4 Kf7 34.
Rc1 1-0

[Event "SV Kamen 1 - SC Rochade Emsdetten 1"]
[Site "NRW-Klasse, Gruppe 1 2015/201"]
[Date "2016.01.10"]
[Round "5.5"]
[White "Hiller, Simon"]
[Black "Kilian, Ralf"]
[Result "1-0"]
[WhiteElo "2064"]
[BlackElo "2121"]
[Annotator "Hausrath,Daniel"]
[PlyCount "75"]
[EventDate "2016.??.??"]
[WhiteTeam "SC Rochade Emsdetten 1"]
[BlackTeam "SV Kamen 1"]

1. Nf3 c5 2. c4 Nc6 3. d4 cxd4 4. Nxd4 g6 5. e4 Bg7 6. Be3 Nf6 7. Nc3 Ng4 8.
Qxg4 Nxd4 9. Qd1 Ne6 10. Rc1 Qa5 11. a3 Qe5 12. Bd3 b6 13. O-O g5 14. b4 Bb7
15. Nd5 Nf4 16. g3 Nxd3 17. Qxd3 Bxd5 18. exd5 O-O 19. Rfe1 Qf6 20. Bd2 Rfe8
21. Re4 Qg6 22. Qe2 e5 23. c5 bxc5 24. bxc5 Rac8 25. Ra4 Rc7 26. Ra6 f6 27. Ba5
Rb7 28. c6 Rb1 29. Qc4 Rxc1+ 30. Qxc1 dxc6 31. dxc6 Qd3 32. Rxa7 Rc8 33. c7 Bf8
34. Rb7 Bd6 35. Bb4 Qa6 36. Rb8 Rxb8 $11 37. cxb8=Q+ Bxb8 38. Qc5 1-0

[Event "SV Kamen 1 - SC Rochade Emsdetten 1"]
[Site "NRW-Klasse, Gruppe 1 2015/201"]
[Date "2016.01.10"]
[Round "5.6"]
[White "Georg, Heinz"]
[Black "Lemli, Thomas"]
[Result "1-0"]
[WhiteElo "2155"]
[BlackElo "1992"]
[PlyCount "77"]
[EventDate "2016.??.??"]
[WhiteTeam "SV Kamen 1"]
[BlackTeam "SC Rochade Emsdetten 1"]

1. e4 c6 2. d4 d5 3. Nc3 dxe4 4. Nxe4 Nd7 5. Bc4 Ngf6 6. Ng5 e6 7. Ne2 Bd6 8.
f4 h6 9. Nf3 c5 10. Be3 Qc7 11. dxc5 Nxc5 12. Bd4 Nce4 13. Bb5+ Bd7 14. Bxd7+
Qxd7 15. Ne5 Qc7 16. Qd3 O-O 17. O-O-O Rfd8 18. Kb1 Rac8 19. Rhf1 Bc5 20. c3
Qb6 21. Ka1 Nd6 22. g4 Nfe4 23. g5 hxg5 24. fxg5 Nxg5 25. h4 Nge4 26. Nxf7 Nxf7
27. Qxe4 Bxd4 28. Nxd4 e5 29. Nf5 Rxd1+ 30. Rxd1 Rd8 31. Ne7+ Kf8 32. Nd5 Qe6
33. a3 Kg8 34. c4 Nd6 35. Qd3 Nf7 36. Rg1 e4 37. Qg3 Qe5 38. Ne7+ Kf8 39. Ng6+
1-0

[Event "SV Kamen 1 - SC Rochade Emsdetten 1"]
[Site "NRW-Klasse, Gruppe 1 2015/201"]
[Date "2016.01.10"]
[Round "5.8"]
[White "Krabbe, Christian"]
[Black "Noering, Andreas"]
[Result "1/2-1/2"]
[WhiteElo "1965"]
[BlackElo "1833"]
[Annotator "Hausrath,Daniel"]
[PlyCount "82"]
[EventDate "2016.??.??"]
[WhiteTeam "SV Kamen 1"]
[BlackTeam "SC Rochade Emsdetten 1"]

1. Nf3 d5 2. g3 Nf6 3. Bg2 g6 4. O-O Bg7 5. d3 O-O 6. Nbd2 c6 7. e4 dxe4 8.
dxe4 Bg4 9. h3 Bd7 10. c3 Na6 11. Qc2 Nc5 12. Re1 Qc7 13. Bf1 Rad8 $11 14. a4
Rfe8 15. Kh2 a6 16. a5 Bc8 17. Nd4 e5 18. N4b3 Nfd7 19. Nxc5 Nxc5 20. Nc4 Be6
21. Be3 Qe7 22. b4 Bxc4 23. Bxc4 Ne6 24. Red1 h5 25. Qa2 Rxd1 26. Rxd1 Rd8 27.
Rxd8+ Nxd8 28. Bb6 Ne6 29. Bxe6 Qxe6 30. Qxe6 fxe6 31. Kg2 Kf7 32. Kf3 Bf6 33.
g4 hxg4+ 34. Kxg4 Be7 35. Bc5 Bd8 36. Bd6 Bf6 $11 37. h4 Kg7 38. Bc5 Bd8 39.
Bd6 Bf6 40. Bc5 Bd8 41. Bd6 Bf6 1/2-1/2

[Event "Herforder SV Königsspringer 1 - SK Sodi"]
[Site "NRW-Klasse, Gruppe 2 2015/201"]
[Date "2016.01.10"]
[Round "5.1"]
[White "Koscielski, Janusz"]
[Black "Nordsieck, Thomas"]
[Result "1/2-1/2"]
[WhiteElo "2280"]
[BlackElo "2291"]
[Annotator "Hausrath,Daniel"]
[PlyCount "73"]
[EventDate "2016.??.??"]
[WhiteTeam "SK Sodingen / Castrop 1"]
[BlackTeam "Herforder SV Königsspringer 1"]

1. e4 c5 2. Nf3 Nc6 3. d4 cxd4 4. Nxd4 g6 5. c4 Bg7 6. Be3 Nf6 7. Nc3 Ng4 8.
Qxg4 Nxd4 9. Qd1 Ne6 10. Qd2 Qa5 11. Rc1 b6 12. Be2 Bb7 13. f3 g5 14. O-O Be5
15. Rfd1 d6 16. a3 Bf4 17. Bxf4 gxf4 18. Nd5 Qxd2 19. Rxd2 h5 20. Kf2 h4 21. b4
Rc8 22. Rdd1 Rh6 23. Ra1 Ba6 24. a4 Bb7 25. a5 bxa5 26. Rxa5 a6 27. Raa1 Rh5
28. Bd3 Rh6 29. Rh1 Rb8 30. Rhb1 Rd8 31. Be2 Rh7 $11 32. Rd1 Rh5 33. Ra5 Rh8
34. Rb1 Rh6 35. Rd1 Rc8 36. Rda1 Rd8 37. Rh1 1/2-1/2

[Event "Herforder SV Königsspringer 1 - SK Sodi"]
[Site "NRW-Klasse, Gruppe 2 2015/201"]
[Date "2016.01.10"]
[Round "5.2"]
[White "Kirnos, Evgeni"]
[Black "Kartsev, Soel"]
[Result "1/2-1/2"]
[WhiteElo "2172"]
[BlackElo "2224"]
[PlyCount "113"]
[EventDate "2016.??.??"]
[WhiteTeam "Herforder SV Königsspringer 1"]
[BlackTeam "SK Sodingen / Castrop 1"]

1. e4 c5 2. Nf3 d6 3. d4 cxd4 4. Nxd4 Nf6 5. Nc3 Nc6 6. Be2 e6 7. O-O Be7 8.
Kh1 O-O 9. f4 a6 10. a4 Qc7 11. Nb3 b6 12. Bd3 Bb7 13. Qe2 Nd7 14. Be3 Nc5 15.
Rad1 Nb4 16. Nd4 Bf6 17. Qg4 Nbxd3 18. cxd3 Bxd4 19. Bxd4 f5 20. Qg3 fxe4 21.
Bxc5 dxc5 22. dxe4 Rad8 23. Rxd8 Rxd8 24. Qg4 Qe7 25. Kg1 h6 26. Rf2 Bc6 27.
Qe2 Bb7 28. h3 Rd4 29. f5 exf5 30. exf5 Qxe2 31. Rxe2 Kf7 32. Re6 Rb4 33. Re2
h5 34. Rd2 Rd4 35. Re2 Kf6 36. Re6+ Kxf5 37. Rxb6 Rb4 38. a5 Rxb6 39. axb6 Ke5
40. Kf2 Kd6 41. g4 hxg4 42. hxg4 Kc6 43. Ne4 Kxb6 44. Nd6 Bd5 45. Ke3 Ka5 46.
Kf4 Kb4 47. Ke5 Ba2 48. Nf5 Kb3 49. Nxg7 Kxb2 50. Nf5 c4 51. Ne3 c3 52. Kd4 c2
53. Nxc2 Kxc2 54. Kc5 Kc3 55. Kb6 Bc4 56. Ka5 Kd4 57. Kb4 1/2-1/2

[Event "Herforder SV Königsspringer 1 - SK Sodi"]
[Site "NRW-Klasse, Gruppe 2 2015/201"]
[Date "2016.01.10"]
[Round "5.3"]
[White "Waldschmidt, Georg"]
[Black "Peist, Juergen"]
[Result "1-0"]
[WhiteElo "2227"]
[BlackElo "2235"]
[PlyCount "57"]
[EventDate "2016.??.??"]
[WhiteTeam "SK Sodingen / Castrop 1"]
[BlackTeam "Herforder SV Königsspringer 1"]

1. e4 Nc6 2. Nc3 e6 3. d4 d5 4. Nf3 Nf6 5. Bd3 Bb4 6. O-O Bxc3 7. exd5 Nxd4 8.
bxc3 Nxf3+ 9. Qxf3 Qxd5 10. Qg3 Bd7 11. c4 Qc6 12. Qe3 b6 13. Bb2 O-O-O 14. a4
a5 15. Rfb1 e5 16. c5 Nd5 17. Qxe5 Qxc5 18. Bd4 f6 19. Qe4 Qc6 20. Ba6+ Kb8 21.
Qe1 Nf4 22. Bf1 Bh3 23. Bxb6 cxb6 24. Qe3 Ka7 25. Qxf4 g5 26. Qe3 Bf5 27. Rb5
Rhe8 28. Rxa5+ Kb7 29. Ba6+ 1-0

[Event "Herforder SV Königsspringer 1 - SK Sodi"]
[Site "NRW-Klasse, Gruppe 2 2015/201"]
[Date "2016.01.10"]
[Round "5.4"]
[White "Kassebaum, Roman"]
[Black "Graw, Christopher"]
[Result "1/2-1/2"]
[WhiteElo "2255"]
[BlackElo "2184"]
[Annotator "Hausrath,Daniel"]
[PlyCount "104"]
[EventDate "2016.??.??"]
[WhiteTeam "Herforder SV Königsspringer 1"]
[BlackTeam "SK Sodingen / Castrop 1"]

1. Nf3 Nc6 2. d4 d5 3. g3 Bg4 4. Bg2 Qd7 5. c4 e6 6. O-O f6 7. Nc3 Nge7 8. e3
a6 9. h3 Bh5 10. cxd5 exd5 11. Ne5 Qf5 12. g4 fxe5 13. gxf5 Bxd1 14. Rxd1 exd4
15. Nxd5 O-O-O 16. e4 Nxd5 17. exd5 Nb4 18. Bg5 Rd7 19. a3 Nxd5 20. Rxd4 Nb6
21. Rxd7 Nxd7 22. Rd1 Bd6 23. Bd5 Kb8 24. b4 Rf8 25. Be6 Nf6 26. Kg2 h6 27. Be3
Rd8 28. Kf3 Be7 29. Rxd8+ Bxd8 30. Bc5 Nh7 31. Kg4 b6 32. Be3 Nf6+ 33. Kf3 Kb7
34. Bd4 Be7 35. Ke3 a5 36. bxa5 Bxa3 37. axb6 cxb6 38. Kd3 Kc6 39. Bxf6 gxf6
40. f3 Kc5 41. Bf7 Bb2 42. h4 Kd6 43. h5 $11 Ke5 44. Bg6 Kf4 45. Kc4 Kxf3 46.
Kb5 Bd4 47. Kc4 Ke4 48. Kb5 Kd5 49. Bf7+ Kd6 50. Be8 Bf2 51. Bf7 Ke5 52. Bg6
Kf4 1/2-1/2

[Event "Herforder SV Königsspringer 1 - SK Sodi"]
[Site "NRW-Klasse, Gruppe 2 2015/201"]
[Date "2016.01.10"]
[Round "5.6"]
[White "Pieper-Emden, Carsten"]
[Black "Boehnke, Martin"]
[Result "1/2-1/2"]
[WhiteElo "2170"]
[BlackElo "2111"]
[PlyCount "37"]
[EventDate "2016.??.??"]
[WhiteTeam "Herforder SV Königsspringer 1"]
[BlackTeam "SK Sodingen / Castrop 1"]

1. c4 c6 2. d4 d5 3. cxd5 cxd5 4. Nc3 Nf6 5. Nf3 Nc6 6. Bf4 Bf5 7. e3 e6 8. Qb3
Qb6 9. Qxb6 axb6 10. Nh4 Bg6 11. Nxg6 hxg6 12. Be2 Kd7 13. O-O Bd6 14. Bxd6
Kxd6 15. b3 Rhc8 16. Na4 Nd7 17. Rfc1 Na7 18. b4 g5 19. h3 1/2-1/2